Normal view
MARC view
- ELECTRICAL APPARATUS AND APPLIANCES-STANDARDS; LOW VOLTAGE SYSTEMS; OVERVOLTAGE
Entry Topical Term
001 - CONTROL NUMBER
- control field: 60276
003 - CONTROL NUMBER IDENTIFIER
- control field: NUST
005 - DATE AND TIME OF LATEST TRANSACTION
- control field: 20210628202521.0
008 - FIXED-LENGTH DATA ELEMENTS
- fixed length control field: 210628|| aca||aabn | a|a d
040 ## - CATALOGING SOURCE
- Original cataloging agency: NUST
- Transcribing agency: NUST
150 ## - HEADING--TOPICAL TERM
- Topical term or geographic name entry element: ELECTRICAL APPARATUS AND APPLIANCES-STANDARDS; LOW VOLTAGE SYSTEMS; OVERVOLTAGE
670 ## - SOURCE DATA FOUND
- Source citation: Work cat.: (NUST): Hasse, Peter 60275, Overvoltage protection of low voltage systems, 2000
